| 000 | 00641cam a2200169 4500 | ||
|---|---|---|---|
| 001 | WB3526-21 | ||
| 008 | 000000n1999 000 0 eng u | ||
| 035 | _a(Sirsi) u102420 | ||
| 245 | _aRowntree idealism in model village. | ||
| 260 | _c1999 | ||
| 490 |
_aIndependent on Sunday _v4 July 1999, 9(1) |
||
| 520 | _a Looks at plans to create a blueprint for 21st-century living in York. The Joseph Rowntree Foundation has set aside 53 acres of land for the £35m development, based on an original village set up by Joseph Rowntree a century ago. | ||
| 650 | _aPLANNING | ||
| 650 | _aHOUSING DEVELOPMENT | ||
| 690 | _aHOUSING | ||
| 942 | _n0 | ||
| 999 |
_c61434 _d61434 |
||